000 00488nam a2200193Ia 4500
003 GCL
008 140319s9999 xx 000 0 eng d
040 _aGCL /
_cGCL
082 0 4 _a843
_bVC
100 1 _aVERNE, JULES
245 1 0 _aLES CINQ CENTS MILLIONS DE LA BEGUM /
_cVERNE, JULES
260 _a[S.N] :
_bCOLLECTION HETZEL ،
_c1994
300 _a241
650 0 4 _aLITERATURE
650 0 4 _aFICTION
650 0 4 _aFRENCH FICTION
650 0 4 _aFRENCH LITERATURE
942 _2ddc
_cBK
999 _c25315
_d25315